000 00782nam a2200265Ia 4500
001 Z_3939
003 CHAP
008 220113s2001 xx 000 0 und d
010 _a167000
040 _cCHAP
090 _aTesis O 1540
100 _aOrtíz Zarrabal, Ivis Abelardo
_984089
245 _aEvaluación del impacto del programa ganado mejor en el estado de Hidalgo /
_cpor Ivis Abelardo Ortíz Zarrabal
260 _aChapingo, Méx. :
_bEl autor,
_c2001
300 _a133 h.
502 _aTesis (Ing. Agr. Esp. en Zootecnia) -- UACH. Departamento de Zootecnia
650 _aGanadería
_xHidalgo
_944744
650 _aPolítica ganadera
_xMéxico
_9137636
901 _aTESIS O 1540
902 _aM
910 _a2001
942 _c2
942 _c2
999 _c167000
_d167000